01013nam a2200205 a 450000500170000000800410001702000180005804000270007604100080010304400070011124501230011826000510024130000780029250000910037065000810046165000990054265000390064171000650068071000620074520161118145225.0161118s2014 ck abd||r|||| 00| 0 spa d a9789588758992 aCO-BoIAVH cCO-BoIAVH 0 aspa ack00aEstrategia regional de mitigación y adaptación al cambio climático para Bogotá y Cundinamarca / cIDEAM y PNUD aBogotá, Colombia : bIDEAM : bPNUD, c2014. a7 páginas sin numerar : bilustraciones, mapas y tablas ; c23 x 23 cm. aPlan Regional Integral de Cambio Climático Región Capital Bogotá - Cundinamarca.26aMitigación del cambio climáticoxplanes de acciónzBogotá (Colombia)26aMitigación del cambio climáticoxplanes de acciónzCundinamarca (Departamento, Colombia)26aAdaptación al cambio climático2 aInstituto de Hidrologia, Metereologia y Estudios Ambientales2 aPrograma de las Naciones Unidas para el Desarrollo (PNUD)